Statistics for Name that Dutch named languages in English!

Click here to take the quiz!

General Stats

  • This quiz has been taken 68 times
  • The average score is 32 of 34

Answer Stats

DutchEnglish% Correct
TurksTurkish
100%
NederlandsDutch
98%
FransFrench
98%
AlbaneesAlbanian
97%
BulgaarsBulgarian
97%
EngelsEnglish
97%
HongaarsHungarian
97%
ItaliaansItalian
97%
RoemeensRomanian
97%
RussischRussian
97%
SpaansSpanish
97%
KroatischCroatian
95%
DuitsGerman
95%
MalteesMaltese
95%
SlovaaksSlovak
95%
SloveensSlovenian
95%
ZweedsSwedish
95%
FinsFinnish
94%
MacedonischMacedonian
94%
PoolsPolish
94%
ServischSerbian
94%
BosnischBosnian
92%
DeensDanish
92%
GrieksGreek
92%
EstlandsEstonian
91%
IJslandsIcelandic
91%
IersIrish
91%
LetlandsLatvian
91%
LitouwsLithuanian
91%
OekraïensUkrainian
91%
NoorsNorwegian
89%
PortugeesPortuguese
89%
TsjechischCzech
86%
Wit-RussischBelarusian
80%

Score Distribution

Percentile by Number Answered

Percent of People with Each Score

Your Score History

You have not taken this quiz